zpět

Detail výsledku týmu

Bowling Darts Rubín, Brno

Datum a čas kvízu

37 Celkem bodů Celkový počet nahraných bodů na tomto kvízu bez doplňovacích otázek.
1. Pořadí na kvízu Konečné umístění týmu na tomto kvízu.

Zaznamenané odpovědi

# Otázka Odpověď Body Výsledky
1. Jedné z osobností, o níž se v... Roman Prymula 1
2. Po Jennifer Anistonové uvítal... David Attenborough 0
3. V úterý byl v Brně zahájen tře... Serial Killer 1
4. Velká potravinářská společnost... PepsiCo 1
5. Cale Makar, obránce týmu Color... Dominik Kubalík 1
6. Podle zdroje vody se rybníky d... říční rybník 1
7. Na obrázku vidíme u nás velmi... okoun 1
8. Největší český rybník mimo již... Máchovo jezero, též (Velký) Dokeský rybník 1
9. Většina rybníků disponuje jist... česle / česlice 1
10. Největším českým rybníkem je s... Lužnice 1